000 00493nam a2200169Ia 4500
999 _c35972
_d35972
003 OSt
005 20200923132019.0
008 190216s9999||||xx |||||||||||||| ||und||
040 _coclc
082 _a581.6
_bLIN/M
100 _aLindley, John
_94879
245 4 _aMedical And Economical Botany /
_c John Lindley
260 _bBishen Singh Mahendra Palsingh,
_c1984.
_aDehradun:
300 _a274p
650 _aBotany
942 _cREF
_2ddc
_h581.6
_iLIN/M
_k581.6
_mLIN/M